000 00590nam a2200241Ia 4500
003 OSt
005 20221005091000.0
006 a|||||r|||| 00| 0
007 ta
008 221004b |||||||| |||| 00| 0 eng d
024 _a61103
037 _cTextual
040 _aCRL
_cCRL
_beng
041 _2eng
_aeng
082 _aU8xN26, M4
100 _aMorris Jan
245 0 _aJourneys
260 _aNew York
_bOxford University Press
_c1984
300 _a171p.
_ccm.
650 _aGEOGRAPHY
942 _hU8xN26, M4
_cTEXL
_2cc
999 _c996662
_d996662